000 00805nam a2200241 i 4500
001 bg
111 2 _aReal Analysis Conference
_d(2001 ;
_cŁeba).
245 0 0 _aReal Analysis Conference, Łeba 2001 /
_cred. nauk. Jacek Jędrzejewski ; Pomorska Akademia Pedagogiczna w Słupsku.
260 _aSłupsk :
_bWydaw. Uczelniane PAP,
_c2002.
300 _a166 s., [1] k. tabl. kolor. :
_bil. ;
_c25 cm.
504 _aBibliogr. przy pracach.
650 9 _aAnaliza matematyczna
655 _aMateriały konferencyjne
700 1 _aJędrzejewski, Jacek M.
_d(1945- ).
_eRed.
710 0 _aPomorska Akademia Pedagogiczna (Słupsk)
020 _a8388731211
040 _cBPK
041 0 _aeng
080 _a517(061)
920 _a83-88731-21-1
942 _cKS
008 s pl f |000 0 pol
999 _c42507
_d42507
856 _uhttp://koha.tu.koszalin.pl/cgi-bin/koha/opac-detail.pl?biblionumber=42507
_yKatalog online BPK